Normal view
MARC view
- Valverde, Gilbert A.
Entry Nombre Personal
001 - NUMERO DE CONTROL
- campo de control: 53632
003 - IDENTIFICADOR DE NUMERO DE CONTROL
- campo de control: DLC
005 - FECHA Y HORA DE LA ÜLTIMA TRANSACCIÓN
- campo de control: 20240919135608.0
008 - DATOS DE LONGITUD FIJA
- campo de control de longitud fija: 021114n| acannaabn |n aaa
010 ## - NÚMERO DE CONTROL DE LA BIBLIOTECA DEL CONGRESO
- Número de control LC: n 2002162747
040 ## - FUENTE DE CATALOGACIÓN
- Agencia original de catalogación: DLC
- Lenguaje de catalogación: spa
- Agencia de transcripción: DLC
- Agencia que lo modifica: MX-MxUPN
100 1# - ENCABEZAMIENTO - NOMBRE PERSONAL
- Nombre personal: Valverde, Gilbert A.
670 ## - FUENTE EN LA QUE SE LOCALIZARON DATOS
- Cita de la fuente: According to the book, 2002:
- Información localizada: portada (Gilbert A. Valverde; University at Albany, State University of New York)
670 ## - FUENTE EN LA QUE SE LOCALIZARON DATOS
- Cita de la fuente: El movimiento a favor de los estándares en los Estados Unidos, 2005:
- Información localizada: portada (Gilbert A. Valverde)
902 ## - CATALOGADOR
- Catalogador: Víctor Ruiz/190924
